[Event "Zürich (rapid) "]
[Site "?"]
[Date "2001.??.??"]
[Round "?"]
[White "Kramnyik, V."]
[Black "Kaszparov, G."]
[Result "1-0"]
[WhiteElo "2797"]
[BlackElo "2835"]
[PlyCount "71"]
[EventDate "2001.??.??"]

1. d4 {A játszmát elemzõ Kramnyik azt írta, hogy a parti fontosabb volt
Kaszparov számára. Természetesen Kramnyik is nyerni akart a Korcsnoj 70.
születésnapjára rendezett rapidtornán. A döntõ elsõ játszmája a spanyol
megnyitás berlini változatában remivel végzõdött, ez már sorozatban a hatodik
pontosztozkodás volt a variban. Négyszer Londonban, a világbajnoki döntõn
végzõdött döntetlennel az összecsapásuk, majd Wijk aan Zee-ben sem bírtak
egymással.} Nf6 2. c4 e6 3. Nf3 d5 4. Nc3 dxc4 5. e3 a6 6. Bxc4 b5 7. Bd3 c5 8.
a4 b4 9. Ne4 Nbd7 10. Nxf6+ Nxf6 11. O-O (11. e4 cxd4 12. O-O $13) 11... Bb7
12. dxc5 Bxc5 (12... Nd7 13. c6) 13. Qe2 Qd5 (13... O-O 14. e4 a5 (14... h6 15.
a5 $14) 15. Bg5 $14) 14. Rd1 Qh5 15. h3 (15. e4 $5 Ng4 (15... O-O 16. h3) 16.
Bb5+ Kf8 17. Rd7 $13) 15... Rd8 $1 {Sötét akadályozni próbálja az e4 lépést.} (
15... O-O 16. e4) 16. Nd4 $6 $146 {Kramnyik csak a játszma után szembesült
azzal, hogy az állás már elõfordult a gyakorlatban.} (16. e4 $5 Nxe4) (16. b3
$142 O-O 17. Bb2 $14) 16... Qd5 {Kaszparov a vezércserével egyenlõ végjátékot
érhetett volna el.} (16... Qxe2 17. Bxe2 e5 18. Nb3 Rxd1+ 19. Bxd1 Bd6 $11 20.
f3 e4 21. Bd2) 17. Nf3 (17. e4 Nxe4 18. Bxe4 Qxe4 19. Qxe4 Bxe4 $17) 17... Ke7
(17... Qc6 $5 18. Bd2 O-O 19. Rac1) (17... Qh5) 18. e4 $5 Nxe4 19. Be3 Bxe3 20.
Qxe3 Qc5 (20... f5 21. Qb6 $36) 21. Qe1 Nf6 (21... f5 22. Rac1 $44 Qb6 (22...
Qa5 23. Qe3)) 22. Rac1 Qb6 (22... Qa5 23. Ne5 $36) 23. Ne5 $44 Rd4 $2 (23... a5
$5 24. Bb5) 24. Bxa6 $5 {Mindenkit meglepett Kramnyik ezzel a lépéssel. Jóval
egyszerûbbnek tûnik} (24. Nc4 $1 Rxc4 (24... Qc5 25. Ne3 $18 Qb6 26. Nf5+) 25.
Rxc4 a5 26. Qe5 {folytatás.}) 24... Rxd1 (24... Re4 $142 25. Qd2 Rxe5 26. Bxb7
Nd5 (26... Rd8 27. Qxd8+ Qxd8 28. Rxd8 Kxd8 29. Rc4 b3 30. Rc3 Re1+ 31. Kh2 Re2
32. Rxb3 Rxf2 33. a5 $18 Rf5 34. Ra3) 27. Bc6 $14) 25. Rxd1 Bxa6 (25... Qxa6
26. Qxb4+ Ke8 27. Rd6 Nd5 28. Rxa6 Nxb4 29. Rb6 $18) (25... Bd5 26. Bb5 $18)
26. Qxb4+ $1 Qxb4 27. Nc6+ Kf8 28. Rd8+ Ne8 29. Nxb4 Be2 {Sötétnek egyéb
futólépéseket is mérlegelnie kellett. A változatok nagyon érdekesek.} (29...
Bb7 $2 30. a5 Ke7 31. Rb8 Bd5 32. a6 Rf8 33. Nxd5+ exd5 34. Rc8 $18) (29... Ke7
30. Nc6+ Kf6 31. b4 g5 32. b5 Bb7 33. Na5 $1 Bd5 34. b6 Ke7 35. b7 (35. Rb8 Rf8
) 35... Bxb7 36. Nxb7 Rf8 37. Kf1 Nc7 38. Rxf8 Kxf8 39. Ke2 Ke7 40. Kd3 Kd7 41.
Kc4 Nd5 42. Kc5 $16) (29... Bc4 $1 30. Rc8 $1 Be2 (30... Bb3 31. a5 $18) 31. f3
Ke7 (31... h5 32. Kf2 Bd1 33. a5 $18) 32. Kf2 (32. b3 Bd1 33. a5 Kd7 34. Rb8
Kc7) 32... Kd7 $142 (32... Bd1 33. a5 Kd7 34. Rb8 Kc7 35. Na6+ Kd7 (35... Kc6
36. b4 Ba4 37. Nc5 Kc7 38. Rb7+ Kc8 39. Rb6 $18) 36. b4 Rg8 (36... Rf8 37. b5
Ke7 38. Nb4 $18) 37. Nc5+ Kc7 (37... Kc6 38. a6 $18) 38. Rb7+ Kc6 39. Rb6+ Kc7
(39... Kd5 40. Rb8 Nf6 41. Rxg8 Nxg8 42. a6 Kc6 43. a7 $18) 40. b5 Nf6 41. Ke1
$18 Bc2 (41... Rd8 42. Na6+) 42. Rc6+ Kb8 43. Na6+) 33. Rc1 (33. Rc3 Bxf3 34.
gxf3 $16) 33... Bb5 34. axb5 Nd6 35. b6 Rb8 36. Rc7+ Ke8 37. Rc6 Kd7 38. Ke3
Rxb6 39. Rxb6 Nc4+ 40. Kd4 Nxb6 41. Nd3 Kd6 42. Ne5 $16 f6 $2 43. Nc4+) 30. f3
$1 h5 {A döntõ hiba, de a végjáték már nem volt tartható.} (30... Bc4 31. Rc8
Be2 32. Kf2 $18) (30... Ke7 $142 31. Nc6+ Kf6 32. b4 g5 33. b5 Kg7 34. Kf2 Bc4
35. b6 Nf6 (35... Ba6 36. Nb4 Bb7 37. a5 Nf6 38. Rxh8 Kxh8 39. a6 $18) 36. Rxh8
Kxh8 37. b7 Nd7 38. Ne5 Bd5 39. Nxd7 Bxb7 40. a5 Kg7 41. Ke3 $18) 31. b3 $1 Rh6
(31... Ke7 32. Rd2 Bxf3 33. gxf3 Nc7 34. Nc6+ Kf6 35. b4 $18) 32. Kf2 Rg6 33.
Kxe2 Rxg2+ 34. Kd3 Rg3 35. a5 Rxf3+ 36. Kc4 (36. Kc4 Rf5 37. Nc6 Rd5 38. Rxd5
exd5+ 39. Kxd5 g5 40. Ne5) 1-0

[Event "Dortmund "]
[Site "?"]
[Date "2001.??.??"]
[Round "?"]
[White "Topalov, V."]
[Black "Kramnyik, V."]
[Result "0-1"]
[WhiteElo "2711"]
[BlackElo "2802"]
[PlyCount "94"]
[EventDate "2001.??.??"]

1. Nf3 Nf6 2. c4 e6 3. Nc3 Bb4 4. Qb3 c5 5. g3 Nc6 6. a3 Ba5 7. Bg2 O-O 8. O-O
d5 9. d3 h6 10. Bf4 Re8 11. Na4 $5 $146 (11. Ne5 Nxe5 (11... Nd4 $5 12. Qd1 $13
) 12. Bxe5 Ng4 13. Bf4 d4 14. Ne4 e5 15. Bc1 Bb6 16. h3 Nf6 $11) 11... b6 (
11... e5 12. cxd5 Nd4 (12... Nxd5 $2 13. Nxe5) 13. Nxd4 cxd4 14. Bc1 Bg4 $13)
12. Ne5 Bd7 $1 (12... Bb7 $2 13. Nxc5) 13. e3 (13. Nc3 $142 Bxc3 14. bxc3 (14.
Qxc3 d4 (14... Rc8 $11) 15. Qc2 Nxe5 (15... Rc8) 16. Bxe5 Ng4 17. Bxa8 Qxa8 18.
Bf4 e5 $44) 14... Nxe5 15. Bxe5 Bc6 $11 16. cxd5 $140 Bxd5 17. Bxd5 exd5 18.
Bxf6 Qxf6 19. Qxd5 Rad8 20. Qa2 Qxc3) 13... g5 $1 (13... Rc8 $11) 14. Nxc6 Bxc6
15. Be5 Ng4 16. Bc3 (16. cxd5 $5 Bxd5 (16... Bxa4 $6 17. Qxa4 Nxe5 18. dxe6
Rxe6 19. b4) 17. Bxd5 Qxd5 18. Qxd5 exd5 19. Bc3 Bxc3 20. Nxc3 Rad8 21. d4 f5
$5 $15) 16... Bxc3 17. Nxc3 dxc4 18. dxc4 (18. Qxc4 $2 Ne5) 18... Bxg2 19. Kxg2
Qe7 {A sorozatos cserék után az állás egyenlõnek tûnik, de korántsem egyszerû
ezt világossal bizonyítani.} 20. Ne4 (20. Ne2 Qb7+ 21. f3 f5 22. h3 Nf6 $15) (
20. Rad1 Qb7+ 21. e4 Rad8 $15) 20... f5 21. h3 Ne5 $1 (21... fxe4 22. hxg4 Qf6
23. f4 exf3+ 24. Rxf3 Qg6) 22. Qc3 Nd7 23. Nd2 Rad8 $15 24. Rad1 Nf6 25. Nf3 (
25. Qe5 Rd6 26. Nf3 Red8 27. Rxd6 Rxd6 $15) 25... Rxd1 26. Rxd1 e5 27. Qc2 (27.
Qd2 $2 Qb7) (27. Ng1 Qb7+ 28. Kh2 Kf7 $15) (27. Ne1 $142 $5 Kf7 (27... e4 28.
Qd2) (27... f4 $5) 28. Qd2) 27... e4 28. Ng1 Rd8 29. Ne2 Rxd1 (29... Rd6 $5 30.
Nc3 Qd7) 30. Qxd1 Qd7 $1 31. Qxd7 Nxd7 {Világos esélyei a menekülésre
reálisabbak lennének, ha a gyalog a2-ön állna.} 32. b3 Ne5 33. Nc3 Kf7 $17 34.
g4 {Nehéz döntés.} (34. Nb5 a5 35. a4 (35. Nd6+ Ke6 36. Nc8 a4) 35... Nf3 $1
36. g4 (36. Nd6+ Ke6 37. Nc8 Nd2 38. Nxb6 Nxb3 39. Kf1 Nd2+ 40. Ke2 Nf3 $17)
36... Nd2 (36... fxg4 $5 37. Nd6+ Ke6 38. Nxe4 Ke5 39. Nc3 Ne1+ 40. Kg3 gxh3
41. Kxh3 Nd3 42. f3 Nc1) 37. gxf5 (37. Nd6+ Ke6 38. Nxf5 Nxb3 39. Nxh6 Nd2 40.
Nf5 Nxc4 $17) 37... Kf6 38. Nd6 h5 39. Kg3 Ke5 40. Nc8 Kxf5 41. Nxb6 h4+ (41...
Nxb3) 42. Kg2 Nxb3 $17) 34... fxg4 35. hxg4 Nxg4 36. Nxe4 (36. Nb5 $142 a5 (
36... Ke6 37. Nxa7 Ne5 38. Nc8 Nd7 39. b4 h5 40. bxc5 bxc5 41. a4 $132) 37.
Nd6+ Ke6 38. Nxe4 Ne5 (38... a4 39. bxa4 Ne5 40. a5 bxa5 41. Nxc5+ Kf5 42. a4
$11) 39. Nc3 Nd3 40. Nd5 Nc1 41. Nxb6 Nxb3 $17) 36... Ke6 37. Nc3 (37. b4 $5
cxb4 (37... Nf6 $5 38. Nc3 cxb4 39. axb4 a5) 38. axb4 Ne5 39. c5 $17) 37... Ne5
$1 38. f4 (38. Nb5 Nc6 39. Kg3 h5 40. f4 gxf4+ 41. Kxf4 h4 42. Kg4 Ke5 43. Kxh4
Ke4 44. Kg5 Kxe3 45. Kf6 Kd3 $19) 38... gxf4 39. exf4 Nc6 40. Nb5 (40. Kf3 Nd4+
(40... h5 $5 41. Ke4 Nd4 $17) 41. Ke4 (41. Kg4 Nxb3 42. f5+ Ke5 43. Nd5 Nd2 44.
f6 Ke6) 41... Nxb3) 40... h5 $1 {Jobb mint} (40... a5 41. Kf3 $1 h5 (41... Nd4+
$2 42. Nxd4+ cxd4 43. Ke4 h5 44. Kxd4 h4 45. Ke4 h3 46. Kf3 Kf5 47. Kg3 h2 48.
Kxh2 Kxf4 49. b4 $11) 42. Ke4 h4 $17 {változat. A távolabbi szabadgyalog
eldönti a pont sorsát.}) 41. Kg3 (41. Kf3 $2 Nd4+ $19) 41... a5 $1 $19 42. Nc7+
Kf5 43. Nd5 Nd4 44. Kh4 (44. Nxb6 Nxb3 45. Nd5 (45. Nd7 h4+ 46. Kxh4 Kxf4) (45.
Na4 h4+ 46. Kxh4 Kxf4 47. Kh5 Ke5 48. Kg6 Kd4) 45... Nd2 46. Nb6 (46. Ne3+ Ke4
47. f5 Kxe3 48. f6 Ne4+) 46... h4+ 47. Kxh4 Kxf4 48. Nd7 Nb3) (44. b4 cxb4 45.
axb4 a4 46. Nc3 a3) 44... Nxb3 45. Kxh5 Nd2 46. Nxb6 Kxf4 47. Na4 (47. Kg6 Ke5)
47... Ne4 $1 (47... Ne4 $1 48. Kg6 Ke5 49. Kf7 Kd4 50. Ke6 Kxc4 51. Ke5 Kb3 $1
52. Nb6 Nd2) 0-1

[Event "Wijk aan Zee "]
[Site "?"]
[Date "2003.??.??"]
[Round "?"]
[White "Kramnyik, V."]
[Black "Topalov, V."]
[Result "1-0"]
[WhiteElo "2809"]
[BlackElo "2743"]
[PlyCount "113"]
[EventDate "2003.??.??"]

1. d4 Nf6 2. c4 c5 3. d5 b5 4. cxb5 a6 5. bxa6 g6 6. Nc3 Bxa6 7. g3 d6 8. Bg2
Nbd7 9. Nf3 Bg7 10. Rb1 O-O 11. O-O Qa5 12. Bd2 Rfb8 13. Qc2 Ne8 14. Rfe1 Nc7
15. a4 $1 $146 (15. e4 Nb5 $132) 15... Qb6 16. b3 $1 Bxc3 (16... Bb7 17. e4 Na6
18. Na2 $16 (18. Nb5 $16)) 17. Bxc3 Nxd5 18. Ne5 $1 Nxe5 (18... Nxc3 $2 19.
Nxd7 Qb4 20. Rbc1 $1 $18) 19. Bxd5 Bb7 (19... Ra7 20. b4 $16) 20. Bxb7 Rxb7 21.
Bxe5 dxe5 22. Rec1 f6 23. Qe4 {A sorozatos cserék után csak a nehéz tisztek a
sakktáblán. Világosnak a vezérszárnyi gyalogtöbblete, a védett szabadgyalog jó
esélyeket biztosít.} (23. Qxc5 $2 Qxc5 24. Rxc5 Rxa4 $11) 23... Kg7 24. Rc3 $1
(24. Rxc5 $2 Rxa4 $11) 24... Rab8 25. Qc2 (25. Rbc1 Qe6) 25... Qe6 26. a5 $1
Kf7 (26... Rb5 $142 27. Rxc5 (27. Ra1 Qc6) 27... Rxb3 28. Rxb3 Qxb3 29. Kg2 $1
$16) 27. Ra1 Rxb3 (27... Rb5 28. Rxc5 Rxb3 (28... Qxb3 29. Rxb5) 29. a6 $16)
28. Rxb3 Qxb3 29. Qxc5 Qb2 $1 30. Qc4+ Kg7 31. Qa2 $1 (31. Ra2 $6 Qb1+ 32. Kg2
Qd1 33. a6 Rb1 $132) (31. Rd1 $6 Qa3) 31... Qxa2 (31... Qc3 $5 32. a6 Rb2 33.
Qa4 $1 Rxe2 (33... Rb4 34. Qd1 $1 Rd4 35. Qf1 Rd8 36. a7) 34. a7 Qf3 (34...
Rxf2 35. a8=Q $18) 35. Rf1 Qa8 36. Qa3 $1 Kh6 37. Ra1 Rc2 38. Rc1 $1 $16) 32.
Rxa2 $16 {Elméleti értékû bástyavégjátékot játszanak a nagymesterek.} Ra8 33.
a6 Ra7 34. Kg2 Kf7 $138 (34... e4 $5 35. f3 $5 (35. g4) 35... exf3+ 36. Kxf3
Kf7 37. Ke4 Ke6 38. g4 $16) 35. Kf3 Ke6 36. g4 $1 Kd6 (36... Kd5 37. Ra5+ (37.
h4) 37... Kc6 38. Ke4 Kd6 (38... Kb6 39. Ra3 Rxa6 40. Rxa6+ Kxa6 41. Kd5 $18) (
38... e6 39. g5 $18) (38... h6 39. h4 e6 40. g5 $18)) 37. h4 h6 (37... h5 $142
38. gxh5 (38. g5 $5) 38... gxh5 39. Ke4 e6 $16) (37... Kc6 38. Ke4 h6 (38... e6
39. g5) 39. h5 $5 (39. g5 hxg5 40. hxg5 Kd6) 39... gxh5 40. gxh5 e6 41. Ra3 $16
) 38. g5 $1 hxg5 39. hxg5 f5 40. e4 e6 41. Ra5 $1 Kc7 42. Ke3 {Számításba jött}
(42. Ke2 $5 Kb8 (42... Kc8 43. Kd3) 43. Ke3 $22 Ka8 $140 44. Rxe5 Rxa6 45. Rb5
$1 {folytatás is. Minden változat bizonyítja a 38.g5 lépés fontosságát, amely
megnyitotta az utat a világos király betörésére.}) 42... Kb8 (42... Kd6 43. Kd3
Kc7 44. Kc4 fxe4 45. Kc5 $18) 43. Rxe5 Rxa6 44. Rc5 $18 {Az elõzõ változathoz
képest a sötét király egy sorral közelebb van a hadszíntérhez.} Kb7 45. Kf4 (
45. exf5 $5 exf5 46. Kf4 Rb6 47. Ke5 Ra6 48. f4 Rb6 49. Rc1 Ra6 50. Kd5 $1 Rb6
(50... Ra4 51. Ke6 $1 Rxf4 52. Kf6) 51. Re1 Kc7 52. Re7+ Kd8 53. Re6 Rb5+ 54.
Kd4 Rb4+ 55. Ke5 Re4+ 56. Kf6 Rxf4 57. Kxg6 $18 Kd7 58. Re5 Kd6 59. Kf6 Re4 60.
Rxf5 Re6+ 61. Kf7 Re7+ 62. Kf8 Rc7 63. Kg8 Ke6 64. Rf8) 45... Kb6 46. Rc8 fxe4
$8 (46... Kb7 47. Rg8 fxe4 48. Rxg6 $18) 47. Kxe4 Kb7 48. Rg8 (48. Rc5 Kb6 49.
Rc1 Ra5 50. f4 Kb7 $16) 48... Kc6 49. Rxg6 Kd6 50. f4 $2 {Kramnyik elrontja
nyert állását, de szerencséjére Topalov nem élt a lehetõséggel. Tanulságosan
nyerhetett volna világos.} (50. Rg7 $1 Ra4+ 51. Kf3 e5 (51... Ke5 52. Rf7 $18)
52. Rf7 Ke6 53. Rf6+ Ke7 54. Kg3 Rb4 55. Kh3 $3 Ra4 56. Rf3 $1 Rb4 57. g6 Rb6
58. g7 Rb8 (58... Rh6+ 59. Kg2 Rg6+ 60. Rg3) 59. Rg3 Kf7 (59... Rg8 60. Rg5 Kf6
61. Kg4 $18) 60. g8=Q+ Rxg8 61. Rxg8 Kxg8 62. Kg4 $18) 50... Ra4+ 51. Kf3 Ke7
52. Rg7+ (52. Rf6 Rb4 53. Kg4 $140 e5) 52... Kf8 53. Rb7 Rc4 $2 {Topalov
elfelejti az aranyszabályt, hogy a bástyának a legnagyobb aktivitást kell
biztosítani. A bolgár nagymester az f4 gyalogot akarta tûz alatt tartani.} (
53... Ra1 $1 54. Ke4 $142 (54. Kg4 Rg1+ 55. Kh5 Rf1 56. Kh6 (56. Rb4 Kg7) 56...
Rxf4 57. Rb8+ Ke7 58. g6 Rh4+ 59. Kg5 Rh1 60. g7 Rg1+ 61. Kh6 Rh1+ 62. Kg6 Rg1+
63. Kh7 Rh1+ 64. Kg8 Rh2 $1 $11 (64... Kd6 65. Kf7 Rf1+ 66. Ke8 Rg1 67. Rd8+
Kc5 68. Kf7 $18) (64... Kf6 65. Kf8 Rg1 66. g8=Q Rxg8+ 67. Kxg8 $18) (64... e5
65. Rb7+ Ke6 $1 (65... Kf6 66. Kf8 Rg1 67. Rf7+ Ke6 68. g8=Q Rxg8+ 69. Kxg8 e4
70. Kg7 Ke5 71. Kg6 e3 72. Kg5 Ke4 73. Kg4 $18) (65... Kd6 66. Kf8 Rg1 67. g8=Q
Rxg8+ 68. Kxg8 Kd5 69. Kg7 e4 70. Kf6 e3 71. Kf5 Kd4 72. Kf4 e2 73. Re7 Kd3 74.
Kf3 $18) (65... Ke8 66. Rb5 Rh5 67. Ra5 $22 Ke7 68. Ra7+ Ke6 (68... Ke8 69. Rf7
Rg5 70. Rf8+ Ke7 71. Kh7 Ke6 72. g8=Q+ Rxg8 73. Rxg8 Kf5 74. Kh6 e4 75. Kh5 Kf4
76. Kh4 Kf3 77. Kh3 e3 78. Rf8+ $18) 69. Kf8 Rf5+ 70. Ke8 Rg5 71. Ra6+ Kf5 72.
Kf7 Rxg7+ 73. Kxg7 e4 $11) 66. Kf8 Rf1+ 67. Ke8 Rg1 68. Rb6+ Kf5 $1 (68... Kd5
69. Kf7 Rxg7+ 70. Kxg7 e4 71. Kf6 $18) 69. Kf7 Rxg7+ (69... e4 $2 70. Rf6+ Ke5
71. Rg6) 70. Kxg7 e4 $11) 65. Rb7+ Ke8 66. Ra7 Rh1) 54... Re1+ 55. Kd4) 54. g6
$1 $18 Rc1 (54... Kg8 55. Re7) (54... Rc5 55. Rf7+ Kg8 56. Re7) (54... Ra4 55.
Rf7+ Ke8 (55... Kg8 56. Re7 Ra6 57. Kg4 Kf8 58. Rf7+ Kg8 59. Kg5) 56. Kg4 e5
57. Kg5 Rxf4 (57... exf4 58. Rf5) 58. Rxf4 exf4 59. Kh6 $1 f3 (59... Kf8 60.
Kh7) 60. g7 Kf7 61. Kh7) 55. Kg4 Rc5 (55... Rg1+ 56. Kh5 Rf1 57. Kh6) 56. Rf7+
Ke8 57. f5 1-0

[Event "Linares "]
[Site "?"]
[Date "2003.??.??"]
[Round "?"]
[White "Kramnyik, V."]
[Black "Radzsabov, T."]
[Result "1-0"]
[WhiteElo "2809"]
[BlackElo "2624"]
[PlyCount "71"]
[EventDate "2003.??.??"]

1. e4 e6 2. d4 d5 3. Nc3 Nf6 4. e5 Nfd7 5. f4 c5 6. Nf3 Nc6 7. Be3 cxd4 8. Nxd4
Bc5 9. Qd2 O-O 10. O-O-O a6 11. Qf2 Nxd4 12. Bxd4 Qc7 13. Bd3 b5 (13... Bxd4
14. Qxd4 $14) 14. Qh4 $1 $146 {Kramnyik azonnal rátapint a sötét királyállás
védtelenségére, gyengítést kényszerít ki.} (14. Ne2 Bxd4 15. Nxd4 Nc5 $14)
14... h6 (14... f5 15. exf6 Nxf6 16. Be5 Bd6 17. g4 b4 18. g5 bxc3 19. gxf6 g6
20. f7+ Rxf7 21. Bxg6 $18) (14... g6 15. Ne2 $16) 15. Ne2 $16 f6 {Az ifjú
azeri titán nagy optmizmussal játssza az állást, újabb gyengítést vállal a
vilégos centruma elleni akció érdekében.} (15... Bb7 16. Rhg1 $1 f6 $8 17. Qg4
$16) 16. Qg4 Bxd4 (16... fxe5 17. Qxe6+ Kh8 (17... Rf7 18. Bg6) 18. Qg6 $18) (
16... f5 17. Qg6 Qb6 18. Bg1 $1 Bxg1 19. Rhxg1 Qe3+ 20. Kb1 Nc5 21. g4 $5 Nxd3
22. Rxd3 Qxe2 23. gxf5 Ra7 24. f6 Qxh2 25. Rdd1 $40) 17. Nxd4 (17. Qxe6+ Kh8 (
17... Rf7 18. Nxd4 Nxe5 19. Qe8+ Rf8 20. Bh7+ Kxh7 21. Qxf8 Ng6 $16) 18. Qf5
Be3+ 19. Kb1 g6 20. Qxg6 Nxe5 21. fxe5 fxe5 22. Nc3 $36) 17... Nc5 18. Qg6
Nxd3+ (18... f5 19. g4 Qf7 20. Qxf7+ Rxf7 21. gxf5 exf5 $16) 19. Rxd3 Qc4 $2 {
A passzív védekezés több esélyt adott volna, mint a fölösleges kirohanás.} (
19... fxe5 20. Nxe6 Bxe6 21. Qxe6+ Kh8 22. Qxe5 Qc4 23. b3 Qxf4+ 24. Qxf4 Rxf4
25. Rxd5 $16) (19... Ra7 $142 $16) 20. Rhd1 $1 (20. Rc3 Qxa2 21. Nc6 (21. Rc7
$4 Qa1+ 22. Kd2 Qa5+) 21... Rf7 22. Nd8 Rf8 $11) (20. Kb1 $16) 20... Ra7 {
Védeni kell a hetedik sort.} (20... fxe5 21. b3 Qc5 22. Nxe6 Bxe6 23. Qxe6+ Kh8
24. Qxe5 $16) 21. Kb1 Qc7 (21... b4 22. f5) 22. f5 $1 Qb6 $2 (22... exf5 23. e6
Qxh2 24. Rh3 Qf4 25. Nxf5 $18) (22... Qxe5 23. Nc6 Qc7 24. Nxa7 Qxa7 $16) (
22... fxe5 $142 23. Nxe6 Bxe6 24. Qxe6+ Qf7 $16) 23. Rh3 $1 $18 fxe5 24. Rxh6
Rf6 (24... exd4 25. Qh7+ Kf7 26. f6) 25. Qe8+ {Lehet válogatni a nyerések
között.} (25. Qh7+ $18) 25... Rf8 26. Rh8+ Kxh8 27. Qxf8+ Kh7 28. Nf3 (28. Rd3
exf5 29. Rh3+ Kg6 30. Nf3 $18) 28... Qc7 29. fxe6 e4 30. Ng5+ Kh6 31. h4 Kh5
32. Qf5 g6 33. g4+ Kxh4 34. Rh1+ Kg3 35. Rg1+ Kh4 36. Qf6 1-0

[Event "Dortmund "]
[Site "?"]
[Date "2006.??.??"]
[Round "?"]
[White "Kramnyik, V."]
[Black "Lékó, P."]
[Result "1-0"]
[WhiteElo "2743"]
[BlackElo "2738"]
[PlyCount "95"]
[EventDate "2006.??.??"]

1. d4 Nf6 2. c4 e6 3. Nc3 Bb4 4. Qc2 O-O 5. a3 Bxc3+ 6. Qxc3 b6 7. Bg5 Bb7 8.
f3 h6 9. Bh4 d5 10. e3 Nbd7 11. cxd5 Nxd5 12. Bxd8 Nxc3 13. Bh4 Nd5 14. Bf2 c5
15. e4 Ne7 16. Ne2 Rac8 17. Nc3 cxd4 18. Bxd4 Nc5 19. Rd1 Rfd8 20. Be3 Rxd1+
21. Kxd1 e5 22. b4 $1 $146 Ne6 23. Kc2 Nc6 24. Kb2 Kf8 $1 25. Bc4 (25. g3 Ncd4
26. Bh3 Rd8 $11 {><f3}) (25. Bd3 Nf4 26. Bxf4 exf4 27. Rd1 Ne5 $11) 25... Ncd4
26. Bxe6 (26. Ba2 Ba6 $1 27. Rc1 (27. Bxe6 Nxe6 28. b5 Bb7) 27... g5 28. Bxe6
Nxe6 29. b5 Bb7 $11) (26. Bd3 Nf4 $1 27. Bxf4 exf4 28. Rd1 Nc6 29. Nd5 g5 $11)
26... Nxe6 27. Nb5 Ra8 28. a4 $1 Ba6 (28... Bc6 $5 29. Nc3 Rd8 30. b5 Be8) 29.
Na3 $1 Rc8 $2 (29... Bd3 $1 30. Rd1 Rd8 31. b5 (31. Kc3 Be2 32. Rxd8+ Nxd8 33.
Nc4 Bf1 34. g3 f6 35. f4 (35. Nd6 Bh3) 35... Bg2 36. fxe5 fxe5 37. Nxe5 Bxe4
$14) 31... Ke7 32. Kc3 Be2 33. Rxd8 Nxd8 34. Nc4 Bf1 35. g3 f6 36. f4 $14) 30.
b5 Bb7 31. Rc1 Rxc1 32. Kxc1 $16 Ke7 33. a5 bxa5 34. Bxa7 f5 $5 (34... Nf4 35.
g3 Nh3 36. Nc4 $16) (34... a4 35. Nc4 f6 36. Kb2 $16) 35. exf5 Nf4 36. g3 Nh3 (
36... Ne2+ 37. Kd2 Bxf3 38. Ke3 $18) (36... Nd5 37. Kd2 Kf6 (37... Bc8 38. Nc4
a4 39. g4 $16) 38. Nc4 $16) 37. Nc4 (37. Be3 $5 Bxf3 (37... Bd5 38. Kb2 Kd7 39.
Kc3 Bxf3 40. Nc4) 38. Nc4 Kf6 (38... a4 $5) 39. Nd6 (39. Nxa5 Kxf5 40. b6 Kg4
41. Kd2 h5 42. b7 Bxb7 43. Nxb7 Kf3) 39... a4 40. b6 Ng5 41. g4 Nf7 42. b7 Bxb7
43. Nxb7 h5) 37... Ng5 (37... Bxf3 38. Nxe5 Be4 39. Nc4 $16) (37... a4 38. Be3
Bxf3 39. Nxe5 Bd5 $16 (39... Be4 40. b6 Kf6 41. Nc4 Bd5 42. Bd4+ Kg5 43. Nd6))
38. Nxa5 (38. f4 $5 exf4 39. gxf4) 38... Bd5 $2 $138 (38... Bxf3 $1 39. Kd2 $1
Bd5 (39... Nf7 40. Ke3 Bd5 41. Bc5+ Kf6 42. b6 Nd8 43. g4 h5 44. h3 Bg2 45. Kf2
Bxh3 46. g5+ Kf7 (46... Kxf5 47. Be7 $18) 47. Bd6 Bxf5 48. Bc7 $18) (39... Kf6
40. Ke3 Bd5 41. b6 Kxf5 42. b7 Bxb7 43. Nxb7 Kg4 44. Kf2 $1 Kh3 45. Nd6 Kxh2
46. Be3 $16 Nh3+ (46... Ne6 47. Nc4 Kh3 48. Nxe5 h5 49. Ng6) 47. Kf3 h5 48. Ne4
Ng1+ 49. Bxg1+ Kxg1 50. Ng5 Kh2 51. Kf2 e4 52. Nxe4 h4 53. g4) 40. Ke3 Ne4 41.
Bb8 (41. g4 Kf6 42. h3 h5 $11) (41. b6 Nc5 42. Bb8 Kf6 43. g4 Nd7 44. Bc7 Kg5)
41... Kf6 42. Nc6 Kxf5 43. Nxe5 $16) 39. b6 Nxf3 40. h3 $1 $18 Ng5 (40... Kf6
41. b7 Bxb7 42. Nxb7 Kxf5 43. Nd6+ Ke6 44. Ne4 Kd5 45. Nc3+ Kc4 46. Kc2) 41. b7
Bxb7 42. Nxb7 Nxh3 43. Bb6 (43. Be3 Kf6 44. Nd6 g6 45. fxg6 (45. g4 gxf5 46.
gxf5 Nf4 47. Kd2 Nd5 48. Bf2 e4 49. Bd4+ Kg5) 45... Kxg6 46. Kd2 Kh5 47. Ne4
Kg4 48. Bxh6) (43. Kd2 Kf6 44. Nd6) 43... Kd7 (43... Kf6 $142 44. Nd6 Kg5 45.
Bd8+ Kg4 46. Be7 $1 Ng1 (46... e4 47. Bf8 e3 48. Bxg7 e2 49. Kd2 Kf3 50. Bc3
Kf2 51. Ne4+ Kf1 52. Ke3 e1=Q+ 53. Bxe1 Kxe1 54. f6) (46... Kxg3 47. Bf8 e4 48.
Bxg7 e3 49. Bxh6) 47. Kd2 Kxg3 48. Bf8 Kf4 49. Bxg7 Nf3+ 50. Kc3) 44. Be3 Ke7 (
44... Kc6 45. Nc5 Kd5 46. Kd2 e4 47. Ne6 g6 48. Nf4+ Nxf4 49. Bxf4) 45. Nc5 g6
(45... Kf6 46. g4 e4 47. Nxe4+ Ke5 48. Ng3 Nf4 49. Kd2) 46. fxg6 Kf6 47. Bxh6
Kxg6 (47... Nf2 48. g7 Kf7 49. Ne6) 48. Be3 (48. Be3 Kf5 49. Kd2 Kg4 50. Ne4
Kf3 51. Kd3) 1-0

[Event "Amber Rapid"]
[Site "Monte Carlo MNC"]
[Date "2007.??.??"]
[Round "?"]
[White "Kramnyik, V."]
[Black "Carlsen, M."]
[Result "1-0"]
[WhiteElo "2766"]
[BlackElo "2690"]
[PlyCount "47"]
[EventDate "2007.03.17"]
[EventType "tourn"]
[EventRounds "11"]
[EventCountry "MNC"]
[EventCategory "20"]
[Source "Mark Crowther"]
[SourceDate "2007.04.02"]

1. Nf3 Nf6 2. c4 e6 3. Nc3 d5 4. d4 dxc4 5. e4 Bb4 6. Bg5 b5 7. a4 c6 8. e5 h6
9. exf6 hxg5 10. fxg7 Rg8 11. g3 Bb7 12. Bg2 c5 13. O-O g4 14. axb5 $3 {A
világ legjobbjai sajnálják, ha ilyen fontos újítást egy rapidpartiban kell
bevetniük. Kramnyik azonban fontosnak érezte a parti megnyerését ilyen
"áldozat" árán is.} gxf3 {A házielemzését Kramnyik megosztotta a
sakkrajongókkal is.} (14... Bxc3 15. bxc3 gxf3 16. Bxf3 Bxf3 17. Qxf3 Qd5 18.
Qxd5 exd5 19. dxc5 Rxg7 20. Rfe1+ Kd7 21. Re5) (14... Rxg7 15. Ne5 Bxg2 16.
Kxg2 cxd4 17. Qa4 dxc3 18. b6+ Nd7 19. Rfd1 f6 20. Nxd7 Rxd7 21. bxc3 Bxc3 22.
Rxd7 Qxd7 23. Qxd7+ Kxd7 24. Rxa7+ Kc6 25. Rxa8 Kxb6 26. Re8) 15. Bxf3 Bxf3 16.
Qxf3 Nd7 {Nem jobb} (16... Bxc3 {sem} 17. bxc3 Qd5 18. Qxd5 exd5 19. dxc5 Rxg7
20. Rfe1+ Kd8 21. Re5 {folytatás világos elõnyével.}) 17. dxc5 Bxc3 {Azonnal
veszít. A jobb} (17... Nxc5 {-re is világos elõnyét mutatja az elemzés.} 18.
Qc6+ Nd7 19. Nd5 Rc8 20. Nf6+ Ke7 21. Nxg8+ Qxg8 22. Qb7 Bd6 23. Rxa7 Rc7 24.
Qa8) 18. bxc3 Nxc5 19. Rfd1 $1 Qc8 20. Rd6 $1 Qb7 21. Qh5 Rc8 22. Rc6 $1 Nd3
23. Rxc8+ Qxc8 24. Rxa7 1-0